El filo de la navaja /
Guardado en:
| Autor Principal: | |
|---|---|
| Otros Autores: | |
| Formato: | Libro |
| Idioma: | Undetermined |
| Publicado: |
Buenos Aires :
Hyspamérica,
1985.
|
| Edición: | 1a ed. |
| Series: | Grandes éxitos ;
93 |
| Materias: | |
| Etiquetas: |
Agregar Etiqueta
Sin Etiquetas, Sea el primero en etiquetar este registro!
|
| LEADER | 00742nam a22002295a 4500 | ||
|---|---|---|---|
| 001 | CEM.cems024710 | ||
| 008 | 250623s1985####ag############000#0#und#d | ||
| 005 | 20250623161503.0 | ||
| 245 | 1 | 0 | |a El filo de la navaja / |c W. Somerset Maugham ; traducido por Fernando Calleja. |
| 250 | |a 1a ed. | ||
| 260 | |a Buenos Aires : |b Hyspamérica, |c 1985. | ||
| 300 | |a 254 p. | ||
| 490 | 1 | |a Grandes éxitos ; |v 93 | |
| 500 | |a Título original: The razor's edge. | ||
| 020 | |a 8476340664 | ||
| 100 | 1 | |a Somerset Maugham, W. | |
| 700 | 1 | |a Calleja, Fernando; trad. | |
| 653 | |a Literatura británica | ||
| 653 | |a Literatura inglesa | ||
| 653 | |a Narrativa británica | ||
| 653 | |a Narrativa inglesa | ||
| 859 | |a CEMS |b BIB. CEMS - 11 de abril |h 820.8 |i S695 |p 29971.25 |t Ej.1 | ||
